000 00545nam a2200181 i 4500
001 69883
003 ES-MaACL
007 t|
008 040713s1975 sp ||||1| spa d
100 1 _aGarcía López, José,
_d1916-
_954843
245 1 0 _aLiteratura
_b: 7º E.G.B. /
_cJosé García López, Carmen Pleyán.
250 _a[2ª ed. corr.].
260 _a[Barcelona] :
_bTeide,
_c[1975]
300 _a197 p. :
_bil. ;
_c22 cm.
700 1 _aPleyan, Carmen.
_9206739
852 _aES-MaACL
_jE-9493
_bR.93978
999 _c69883
_d69883